000 00469nam a22001577a 4500
003 OSt
005 20240415164934.0
008 240415b |||||||| |||| 00| 0 eng d
040 _cMRSPTU
100 _aMarden, Swet (ਮਾਰਡਨ, ਸਵੇਟ)
245 _aBhajo Nahin Duniya Nun Badlo (ਭੱਜੋ ਨਹੀਂ ਦੁਨੀਆਂ ਨੂੰ ਬਦਲੋ)
250 _a1st
260 _aPunjab
_bShruti Pocket Books
_c2000
300 _a131
942 _2ddc
_cBK
_n0
999 _c10041
_d10041